Aventura en Budapest / (Record no. 87174)

MARC details
000 -LEADER
campo de control de longitud fija 00738nam a2200229 i 4500
001 - NÚMERO DE CONTROL
campo de control 87174
003 - IDENTIFICADOR DE NÚMERO DE CONTROL
campo de control ES-MaACL
005 - FECHA Y HORA DE LA ÚLTIMA TRANSACCIÓN
campo de control 20230906175618.0
007 - CAMPO FIJO DE DESCRIPCIÓN FÍSICA--INFORMACIÓN GENERAL
campo de control de longitud fija t|
008 - DATOS DE LONGITUD FIJA--INFORMACIÓN GENERAL
campo de control de longitud fija 041220s1945 sp ||||1| spa d
100 1# - ENTRADA PRINCIPAL--NOMBRE DE PERSONA
Nombre de persona Koermendi, Ferenc.
9 (RLIN) 68450
245 10 - MENCIÓN DEL TÍTULO
Título Aventura en Budapest /
Mención de responsabilidad, etc. Ferenc Körmendi ; traducción autorizada, por Enrique de Juan.
250 ## - MENCION DE EDICION
Mención de edición 1ª ed.
260 ## - PUBLICACIÓN, DISTRIBUCIÓN, ETC.
Lugar de publicación, distribución, etc. Barcelona :
Nombre del editor, distribuidor, etc. Victoria,
Fecha de publicación, distribución, etc. 1945 (
Fabricante Emporium)
300 ## - DESCRIPCIÓN FÍSICA
Extensión 422 p. ;
Dimensiones 20 cm.
490 1# - MENCIÓN DE SERIE
Mención de serie Novelas húngaras
500 ## - NOTA GENERAL
Nota general (Primer Premio del Concurso Internacional de la Novela celebrado en Londres)
700 1# - ENTRADA AGREGADA--NOMBRE PERSONAL
Nombre de persona Juan, Enrique de.
9 (RLIN) 67090
830 0# - PUNTO DE ACCESO ADICIONAL DE SERIE-TÍTULO UNIFORME
Título uniforme Novelas húngaras
9 (RLIN) 186745
852 ## - LOCALIZACIÓN
Ubicación ES-MaACL
Número de control de estantería E-1168
Sublocalización o colección R.28592
Holdings
Estatus retirado Estado de pérdida Estado de daño No para préstamo Biblioteca de origen Biblioteca actual Ubicación en estantería Fecha de adquisición Fuente de adquisición Total de préstamos Signatura topográfica completa Código de barras Visto por última vez Precio de reemplazo Tipo de ítem Koha
        Biblioteca del Ateneo de Madrid Biblioteca del Ateneo de Madrid Depósito 2 17/01/2008     E-1168 1091080 23/02/2023 23/02/2023 Libro impreso